| 000 | 00000nam##2200000za#4500 |
| 001 | 9.641932 |
| 003 | CaOODSP |
| 005 | 20210624223443 |
| 007 | cr ||||||||||| |
| 008 | 150407|2014||||xxc|||||o f|0| 0 fre|d |
| 020 | |a978-0-660-20943-2 |
| 040 | |aCaOODSP|bfre |
| 043 | |an-cn--- |
| 086 | 1 |aM134-32/4-2013F-PDF |
| 110 | 1 |aCanada.|bRessources naturelles Canada. |bOffice de l'efficacité énergétique. |
| 245 | 10|aÉtude de cas - l'usine de Bowmanville de l'entreprise St. Marys Cement est la première à obtenir la certification ISO 50001 |h[ressource électronique] |
| 260 | |aOttawa - Ontario : |bRessources naturelles Canada. |cc2014. |
| 300 | |a4p. |
| 590 | |a15-06|b2015-02-06 |
| 691 | 07|aAccréditation|2gcpds |
| 691 | 07|aConservation de l'énergie|2gcpds |
| 775 | 08|tCase study - St. Marys Cement's Bowmanville plant is the first to achieve ISO 50001 certification |w(CaOODSP)9.697939 |
| 856 | 40|ahttp://publications.gc.ca|qPDF|s852 Ko|uhttps://publications.gc.ca/collections/collection_2015/rncan-nrcan/M134-32-4-2013-fra.pdf |